000 00294nam a22001097a 4500
082 _a355.02 MIL'J
100 _aMILLER, HARRY
_98511
245 _aJUNGLE WAR IN MALAYA THE CAMPAIGN AGAINST COMMUNICATION 1949-60
260 _aLONDON
_bMILITARY BOOK SOCIETY
_c1972
300 _a220P
942 _cBK
999 _c582148
_d582148